00379nam a22001457a 4500003000700000005001700007008004100024082001900065100002500084245003100109260003100140300000800171490002200179650003200201MPLRDC20220104124031.0210129b ||||| |||| 00| 0 eng d a889 LMSJ v.114 a玛格丽特. 韦恩 a痴情佳人c黄莉莉译 ab骏马文化公司c1983 b平 a罗曼史集. 114 a西洋小说之中文翻译